| 000 | 00000nam##2200000za#4500 |
| 001 | 9.647743 |
| 003 | CaOODSP |
| 005 | 20200330131419 |
| 007 | ta |
| 008 | 150407|2000||||xxc||||| f|0| 0 eng|d |
| 020 | |a0-662-28977-3 |
| 040 | |aCaOODSP|beng |
| 043 | |an-cn--- |
| 086 | 1 |aNE23-87/2000E |
| 110 | 1 |aCanada. |bNational Energy Board. |
| 245 | 10|aAnalysis of horizontal gas well performance in British Columbia |
| 260 | |aCalgary - Alberta : |bNational Energy Board |c2000. |
| 300 | |av, 27p. : |bgraphs, tables ; |c28 cm. |
| 500 | |a"This report, provides an overview of the use of horizontal well technology for gas production in Northeast British Columbia from 1988 to 1998. It is intended for use by a technical audience and seeks to outline, as concisely as possible, the current state of horizontal technology development, the current status of technology application, and the probable impacts of the technology."--Foreword. |
| 520 | 3 |aThis report, provides an overview of the use of horizontal well technology for gas production in Northeast British Columbia from 1988 to 1998. It is intended for use by a technical audience and seeks to outline, as concisely as possible, the current state of horizontal technology development, the current status of technology application, and the probable impacts of the technology.--Foreword |
| 563 | |aSoftcover |
| 590 | |a00-44|b2000-11-03 |
| 690 | 07|aDrilling|2gcpds |
| 690 | 07|aPetroleum industry|2gcpds |
| 775 | 08|tAnalyse du rendement des puits de gaz horizontaux de la Colombie-Britannique |w(CaOODSP)9.681127 |
| 776 | 0#|tAnalysis of horizontal gas well performance in British Columbia / |w(CaOODSP)9.695989 |